000 00499nam a2200145Ia 4500
008 090122s9999 xx 000 0 und d
082 _b5544
_a920.72
100 _aटिळक
_bलक्ष्मीबाई
245 _aस्मृती चिञो भाग पहिला
600 _aटिळक
630 _aस्मृती चिञो भाग पहिला
700 _aटिळक
730 _aस्मृती चिञो भाग पहिला
942 _cBOOK
999 _c29622
_d29622